Proticyklické nástroje bankovej regulácie v podmienkach eurozóny

Saved in:
Bibliographic Details
Main Author: Horvátová, Eva, 1958-
Corporate Author: Ekonomická univerzita v Bratislave. Národohospodárska fakulta
Other Authors: Malina, Nina, 1996-, Pitoňáková, Renáta, 1967-, Fifeková, Elena
Format: Book
Language:Slovak
Published: Bratislava Vydavateľstvo EKONÓM 2023
Edition:1. vydanie
Subjects:
Tags: Add Tag
No Tags, Be the first to tag this record!

MARC

LEADER 00000nam a2200000 4500
001 0298791
005 20240502074533.5
020 |a 978-80-225-5116-8 
041 0 |a slo 
044 |a SK 
245 1 0 |a Proticyklické nástroje bankovej regulácie v podmienkach eurozóny  |c Eva Horvátová, Nina Malina ; recenzenti: Renáta Pitoňáková, Elena Fifeková 
250 |a 1. vydanie 
264 1 |a Bratislava  |b Vydavateľstvo EKONÓM  |c 2023 
300 |a 71 s. [5,318 AH] 
610 2 0 |a banky 
610 2 0 |a regulácia finančná 
610 2 0 |a nástroje bankové 
610 2 0 |a nestabilita finančná 
610 2 0 |a únie bankové 
610 2 0 |a ukazovatele finančné 
610 2 0 |a smernice 
610 2 0 |a dohľad nad finančným trhom 
610 2 0 |a trh finančný medzinárodný 
610 2 0 |a inštitúcie finančné 
610 2 0 |a eurozóna 
100 1 |a Horvátová, Eva, 1958- 
700 1 |a Malina, Nina, 1996- 
700 1 |a Pitoňáková, Renáta, 1967- 
700 1 |a Fifeková, Elena 
710 2 |a Ekonomická univerzita v Bratislave. Národohospodárska fakulta